[Event "Pskov 5th op"]
[Site "Pskov"]
[Date "2008.06.28"]
[Round "8.5"]
[White "Martynov, Pavel"]
[Black "Shpak, Alexandr"]
[Result "0-1"]
[WhiteElo "2438"]
[BlackElo "2151"]
[PlyCount "50"]
[EventDate "2008.06.22"]
[EventType "swiss"]
[EventRounds "9"]
[EventCountry "RUS"]
[SourceTitle "EXT 2022"]
[Source "ChessBase"]
[SourceDate "2021.10.06"]
[SourceVersion "1"]
[SourceVersionDate "2021.10.06"]
[SourceQuality "1"]

1. e4 c5 2. Nf3 d6 3. d4 cxd4 4. Nxd4 Nf6 5. Nc3 a6 6. Bg5 e6 7. f4 b5 8. a3 Nbd7 9. Qe2 Qb6 10. 0-0-0 Bb7 11. g4 Rc8 12. Bg2 Be7 13. f5 e5 14. Nf3 Nxg4 15. Bxe7 Kxe7 16. Rhe1 Rxc3 17. bxc3 Qc5 18. Kb2 Nb6 19. Ra1 Na4+ 20. Kc1 Qxc3 21. Ra2 Rc8 22. Rd1 Qb3 23. Qd2 d5 24. Qg5+ Nf6 25. Rxd5 Bxd5 0-1

[Event "Moscow op-B 04th"]
[Site "Moscow"]
[Date "2008.02.09"]
[Round "8"]
[White "Kavalenia, Leonid"]
[Black "Shpak, Alexandr"]
[Result "1-0"]
[WhiteElo "2283"]
[BlackElo "2150"]
[PlyCount "82"]
[EventDate "2008.02.02"]
[EventType "swiss"]
[EventRounds "9"]
[EventCountry "RUS"]
[SourceTitle "CBM 122 Extra"]
[Source "ChessBase"]
[SourceDate "2008.03.04"]
[SourceVersion "1"]
[SourceVersionDate "2008.03.04"]
[SourceQuality "1"]

1. d4 Nf6 2. Bg5 Ne4 3. Bh4 c5 4. f3 g5 5. fxe4 gxh4 6. e3 Bh6 7. Bc4 e6 8. Qf3 Qg5 9. Kf2 cxd4 10. exd4 Qc1 11. g3 Qxc2+ 12. Ne2 Bg7 13. Na3 Bxd4+ 14. Ke1 Qxb2 15. Rb1 Bc3+ 16. Qxc3 Qxc3+ 17. Nxc3 hxg3 18. Nab5 Na6 19. hxg3 Ke7 20. e5 f6 21. exf6+ Kxf6 22. Ne4+ Ke7 23. Nbd6 Nc5 24. Nxc5 Kxd6 25. Nxb7+ Bxb7 26. Rxb7 Kc6 27. Rb3 d5 28. Bd3 h6 29. Ke2 e5 30. Rh5 Kd6 31. Bf5 Rag8 32. g4 e4 33. Rbh3 Ke5 34. Bc8+ Kf6 35. Rf5+ Ke7 36. Bb7 Rxg4 37. Bxd5 Kd6 38. Bb3 h5 39. Rd5+ Ke6 40. Rhxh5 Rxh5 41. Rxh5+ Kd6 1-0

[Event "Moscow op-B 04th"]
[Site "Moscow"]
[Date "2008.02.02"]
[Round "1"]
[White "Kostoglotov, Dmitry"]
[Black "Shpak, Alexandr"]
[Result "0-1"]
[WhiteElo "1712"]
[BlackElo "2150"]
[PlyCount "46"]
[EventDate "2008.02.02"]
[EventType "swiss"]
[EventRounds "9"]
[EventCountry "RUS"]
[SourceTitle "CBM 122 Extra"]
[Source "ChessBase"]
[SourceDate "2008.03.04"]
[SourceVersion "1"]
[SourceVersionDate "2008.03.04"]
[SourceQuality "1"]

1. d4 Nf6 2. c4 g6 3. Nc3 d5 4. e3 Bg7 5. cxd5 Nxd5 6. Bc4 Nxc3 7. bxc3 c5 8. Nf3 Qa5 9. Qb3 0-0 10. 0-0 Nc6 11. Ba3 Qc7 12. Bd5 Na5 13. Qb5 Rd8 14. Be4 cxd4 15. cxd4 Nc4 16. Bxe7 Qxe7 17. Qxc4 Qxe4 18. Qxf7+ Kxf7 19. Ng5+ Kg8 20. Nxe4 Bf5 21. Ng3 Be6 22. a4 b6 23. Rac1 Rac8 0-1

[Event "Petrovskaya Ladya op 08"]
[Site "Peterhof"]
[Date "2007.08.09"]
[Round "4"]
[White "Shishkin, Vadim1111"]
[Black "Shpak, Alexandr"]
[Result "0-1"]
[WhiteElo "1890"]
[BlackElo "2132"]
[PlyCount "64"]
[EventDate "2007.08.06"]
[EventType "swiss"]
[EventRounds "9"]
[EventCountry "RUS"]
[SourceTitle "EXT 2008"]
[Source "ChessBase"]
[SourceDate "2007.11.25"]
[SourceVersion "1"]
[SourceVersionDate "2007.11.25"]
[SourceQuality "1"]

1. e4 c5 2. c3 g6 3. Qb3 Nc6 4. Nf3 Bg7 5. Na3 e6 6. d3 d5 7. Be3 b6 8. Be2 Nge7 9. 0-0 0-0 10. exd5 exd5 11. Bg5 Be6 12. Bxe7 Qxe7 13. Qc2 Rad8 14. Rfe1 Qf6 15. Nd2 Bf5 16. Nf3 Rfe8 17. Rad1 a6 18. Qd2 b5 19. Nc2 d4 20. cxd4 cxd4 21. Bf1 Be6 22. b3 Bd5 23. Rxe8+ Rxe8 24. Re1 Rb8 25. Be2 a5 26. Rc1 a4 27. Nb4 Nxb4 28. Qxb4 axb3 29. axb3 Qe6 30. Nxd4 Qe5 31. Bf3 Qf4 32. Rc7 Qxc7 0-1

[Event "Vladimir op"]
[Site "Vladimir"]
[Date "2004.08.21"]
[Round "4"]
[White "Shpak, Alexandr"]
[Black "Pechnikov, Artiom"]
[Result "0-1"]
[WhiteElo "2105"]
[BlackElo "2133"]
[PlyCount "80"]
[EventDate "2004.08.18"]
[EventType "swiss"]
[EventRounds "9"]
[EventCountry "RUS"]
[SourceTitle "EXT 2005"]
[Source "ChessBase"]
[SourceDate "2004.11.15"]
[SourceVersion "1"]
[SourceVersionDate "2004.11.15"]
[SourceQuality "1"]

1. e4 c5 2. Nf3 Nc6 3. d4 cxd4 4. Nxd4 Nf6 5. Nc3 e5 6. Ndb5 d6 7. Bg5 a6 8. Na3 b5 9. Bxf6 gxf6 10. Nd5 f5 11. exf5 Bxf5 12. Qf3 Nd4 13. Nc7+ Qxc7 14. Qxa8+ Ke7 15. c3 b4 16. cxb4 Qb6 17. Bxa6 Qxb4+ 18. Kf1 Kf6 19. Qd8+ Kg6 20. h4 h6 21. g4 Be4 22. Rh3 Qxb2 23. Re1 Bf3 24. Bd3+ Kg7 25. Nb1 Qb7 26. Rg3 Be7 27. Qa5 Bxh4 28. Rg1 Ra8 29. Qd2 Bg5 30. Re3 Bd5 31. Qc3 Bxe3 32. fxe3 Nf3 33. Rg2 Rxa2 34. Rxa2 Bxa2 35. Na3 Nh2+ 36. Kg1 Nxg4 37. Qd2 Be6 38. Nc2 Qf3 39. e4 Qg3+ 40. Kf1 Nh2+ 0-1

[Event "Vladimir op"]
[Site "Vladimir"]
[Date "2004.08.19"]
[Round "2"]
[White "Halyavskiy, Nikita"]
[Black "Shpak, Alexandr"]
[Result "1-0"]
[WhiteElo "2322"]
[BlackElo "2105"]
[PlyCount "67"]
[EventDate "2004.08.18"]
[EventType "swiss"]
[EventRounds "9"]
[EventCountry "RUS"]
[SourceTitle "EXT 2005"]
[Source "ChessBase"]
[SourceDate "2004.11.15"]
[SourceVersion "1"]
[SourceVersionDate "2004.11.15"]
[SourceQuality "1"]

1. e4 c5 2. Nf3 d6 3. d4 cxd4 4. Nxd4 Nf6 5. Nc3 a6 6. Be2 e5 7. Nb3 Be7 8. 0-0 0-0 9. Kh1 Be6 10. f4 Qc7 11. Nd5 Bxd5 12. exd5 Nbd7 13. c4 Rfd8 14. Be3 exf4 15. Bxf4 Ne5 16. Nd2 b5 17. Rc1 Qa5 18. Nb3 Qxa2 19. cxb5 axb5 20. Bxb5 Qxb2 21. Rb1 Qc3 22. Nd4 Bf8 23. Bg5 Ra2 24. Nc6 Nxc6 25. dxc6 Rda8 26. Bxf6 gxf6 27. Qg4+ Kh8 28. Rbe1 Qb2 29. Bd3 f5 30. Bxf5 Bh6 31. Qh3 Rg8 32. c7 Ra3 33. Rb1 Ra1 34. Rxa1 1-0